[Event "SVK-chT1W 2223"]
[Site "Slovakia"]
[Date "2022.10.16"]
[Round "2.4"]
[White "Bochnickova, Andrea"]
[Black "Jakubek, Peter"]
[Result "0-1"]
[WhiteElo "2026"]
[BlackElo "2139"]
[PlyCount "150"]
[EventDate "2022.10.15"]
[EventType "team-tourn"]
[EventRounds "11"]
[EventCountry "SVK"]
[SourceTitle "EXT 2024"]
[Source "ChessBase"]
[SourceDate "2023.10.10"]
[SourceVersion "1"]
[SourceVersionDate "2023.10.10"]
[SourceQuality "1"]
[WhiteTeam "Bratislava KSN"]
[BlackTeam "Povazska Bystrica"]
[WhiteTeamCountry "SVK"]
[BlackTeamCountry "SVK"]

1. e4 b6 2. d4 Bb7 3. Nc3 e6 4. Bd3 Nf6 5. Nf3 Bb4 6. e5 Ne4 7. Bxe4 Bxe4 8. Qe2 Bg6 9. 0-0 Bxc3 10. bxc3 0-0 11. Bg5 Qc8 12. Nh4 Qa6 13. Qxa6 Nxa6 14. Be7 Rfe8 15. Nxg6 hxg6 16. Ba3 d5 17. exd6 cxd6 18. f4 Rac8 19. Rf3 Rc6 20. Rd1 d5 21. g4 Rec8 22. Rdd3 Nc7 23. Bc1 Nb5 24. Bd2 Nd6 25. Be1 b5 26. h4 Ra6 27. Rh3 Rxa2 28. Rh2 Ne4 29. Kf1 Ra1 30. Ke2 Rc1 31. Rhh3 Rxc2+ 32. Kd1 Rg2 33. f5 Rxg4 34. fxe6 fxe6 35. h5 gxh5 36. Rxh5 Nf6 37. Rh2 Rc6 38. Bg3 Ra6 39. Be5 Ra1+ 40. Ke2 Ra2+ 41. Rd2 Rxd2+ 42. Kxd2 Rg1 43. Re2 Kf7 44. Kc2 Ra1 45. Kb2 Ra6 46. Kb3 Rc6 47. Ra2 a6 48. Rf2 Ke7 49. Rg2 g5 50. Rxg5 Rxc3+ 51. Kb4 Rc4+ 52. Kb3 Ne4 53. Rg7+ Kf8 54. Ra7 Ra4 55. Rb7 Nd2+ 56. Kc3 Nc4 57. Bg7+ Kg8 58. Bh6 Nd6 59. Rg7+ Kh8 60. Re7 Nf5 61. Rxe6 Rc4+ 62. Kb2 a5 63. Bf4 Nxd4 64. Rd6 Rb4+ 65. Ka2 Ne2 66. Be5+ Kg8 67. Rxd5 Kf7 68. Rd6 a4 69. Bb2 Rb3 70. Rc6 Ke7 71. Rc2 Nf4 72. Rc6 Nd3 73. Bf6+ Kf7 74. Rb6 Nb4+ 75. Ka1 Nd5 0-1

[Event "SVK-chT1W 2122"]
[Site "Slovakia"]
[Date "2022.04.23"]
[Round "8.5"]
[White "Jakubek, Peter"]
[Black "Bochnickova, Andrea"]
[Result "1-0"]
[WhiteElo "2115"]
[BlackElo "2036"]
[PlyCount "111"]
[EventDate "2021.11.06"]
[EventType "team-tourn"]
[EventRounds "11"]
[EventCountry "SVK"]
[SourceTitle "EXT 2023"]
[Source "ChessBase"]
[SourceDate "2022.10.05"]
[SourceVersion "1"]
[SourceVersionDate "2022.10.05"]
[SourceQuality "1"]
[WhiteTeam "Povazska Bystrica"]
[BlackTeam "Bratislava KSN"]
[WhiteTeamCountry "SVK"]
[BlackTeamCountry "SVK"]

1. d4 Nf6 2. Bg5 Ne4 3. Bf4 d5 4. e3 e6 5. Bd3 c5 6. Bxe4 dxe4 7. Nc3 cxd4 8. Qxd4 Qxd4 9. exd4 Bb4 10. Nge2 f5 11. 0-0 Nc6 12. Nb5 Ba5 13. a3 a6 14. Nd6+ Ke7 15. c4 h6 16. d5 e5 17. Nxc8+ Raxc8 18. dxc6 exf4 19. cxb7 Rxc4 20. Rac1 Rxc1 21. Rxc1 Rb8 22. Nd4 Rxb7 23. Nc6+ Kf6 24. Nxa5 Rxb2 25. h4 Ra2 26. Nc4 g5 27. hxg5+ hxg5 28. Kf1 g4 29. Rd1 g3 30. fxg3 fxg3 31. Rd2 Ra1+ 32. Ke2 f4 33. Rd6+ Kf5 34. Rd5+ Kf6 35. Nd2 Ke6 36. Ra5 f3+ 37. Nxf3 exf3+ 38. Kxf3 Rc1 39. Rxa6+ Kf5 40. Ra5+ Kf6 41. Kxg3 Ra1 42. Kg4 Ra2 43. g3 Ra1 44. Ra6+ Kf7 45. Kg5 Kf8 46. g4 Ra2 47. Kg6 Rg2 48. g5 Rg1 49. Ra8+ Ke7 50. a4 Rg2 51. a5 Rg1 52. a6 Ra1 53. Kg7 Ra5 54. g6 Ra1 55. a7 Ra2 56. Rf8 1-0

[Event "SVK-chT1W 2122"]
[Site "Slovakia"]
[Date "2021.11.06"]
[Round "1.5"]
[White "Bochnickova, Andrea"]
[Black "Pinter, Patrik"]
[Result "0-1"]
[WhiteElo "2044"]
[BlackElo "2208"]
[PlyCount "52"]
[EventDate "2021.11.06"]
[EventType "team-tourn"]
[EventRounds "11"]
[EventCountry "SVK"]
[SourceTitle "EXT 2023"]
[Source "ChessBase"]
[SourceDate "2022.10.05"]
[SourceVersion "1"]
[SourceVersionDate "2022.10.05"]
[SourceQuality "1"]
[WhiteTeam "Bratislava KSN"]
[BlackTeam "Nitra NSK"]
[WhiteTeamCountry "SVK"]
[BlackTeamCountry "SVK"]

1. e4 g6 2. d4 Bg7 3. Be3 c5 4. c3 Qb6 5. Qd2 d6 6. Bc4 Nf6 7. f3 Nc6 8. Ne2 0-0 9. Na3 Rd8 10. 0-0-0 a6 11. Nf4 Qc7 12. Kb1 b5 13. Bd5 Bb7 14. Bxc6 Bxc6 15. d5 Be8 16. g4 a5 17. Nc2 b4 18. c4 b3 19. axb3 Rdb8 20. Nd3 Rxb3 21. h4 Qb7 22. e5 Rb8 23. Nce1 Nd7 24. f4 dxe5 25. Rh2 e4 26. Nxc5 Nxc5 0-1

[Event "SVK Club Cup"]
[Site "Kremnica"]
[Date "2021.09.15"]
[Round "1.8"]
[White "Jozefek, Michal"]
[Black "Bochnickova, Andrea"]
[Result "1-0"]
[WhiteElo "2212"]
[BlackElo "2065"]
[PlyCount "61"]
[EventDate "2021.09.15"]
[EventType "team-tourn"]
[EventRounds "7"]
[EventCountry "SVK"]
[SourceTitle "CBM 204 Extra"]
[Source "ChessBase"]
[SourceDate "2021.11.30"]
[SourceVersion "1"]
[SourceVersionDate "2021.11.30"]
[SourceQuality "1"]
[WhiteTeam "Osuske"]
[BlackTeam "Modra"]
[WhiteTeamCountry "SVK"]
[BlackTeamCountry "SVK"]

1. d4 Nf6 2. c4 c5 3. d5 b5 4. cxb5 a6 5. bxa6 Bxa6 6. Nc3 d6 7. Nf3 g6 8. e4 Bxf1 9. Kxf1 Bg7 10. g3 0-0 11. Kg2 Nbd7 12. a4 Ra6 13. Qc2 Qa8 14. Nb5 Rc8 15. Bd2 e6 16. dxe6 fxe6 17. Rhe1 d5 18. exd5 exd5 19. Bf4 Qc6 20. Ng5 d4+ 21. f3 Qd5 22. Nc7 Rxc7 23. Bxc7 Ng4 24. Re8+ Nf8 25. Bf4 d3 26. Qd2 Rb6 27. Rb8 Bxb2 28. Rxb6 Bxa1 29. Rd6 Qb3 30. Rxd3 Qb7 31. Qa2+ 1-0

[Event "SVK-ch rapid"]
[Site "Topolcany"]
[Date "2020.07.11"]
[Round "3"]
[White "Bochnickova, Andrea"]
[Black "Pacher, Milan"]
[Result "0-1"]
[WhiteElo "2113"]
[BlackElo "2474"]
[PlyCount "78"]
[EventDate "2020.07.11"]
[EventType "swiss (rapid)"]
[EventRounds "9"]
[EventCountry "SVK"]
[SourceTitle "CBM 197 Extra"]
[Source "ChessBase"]
[SourceDate "2020.09.30"]
[SourceVersion "1"]
[SourceVersionDate "2020.09.30"]
[SourceQuality "1"]

1. e4 c5 2. Nf3 d6 3. d4 cxd4 4. Nxd4 Nf6 5. Nc3 Nc6 6. Bg5 e6 7. f4 Be7 8. Qd2 h6 9. Bh4 Nxe4 10. Nxe4 Bxh4+ 11. g3 Be7 12. 0-0-0 d5 13. Nc3 Bf6 14. Nf3 0-0 15. g4 Qa5 16. Kb1 Bxc3 17. bxc3 b5 18. Nd4 Bd7 19. f5 Rab8 20. f6 b4 21. Nb3 bxc3 22. Qc1 Qa4 23. fxg7 Kxg7 24. Bd3 Nb4 25. a3 Nxc2 26. Bxc2 Rxb3+ 27. Bxb3 Qxb3+ 28. Ka1 Bb5 29. Rhg1 Bc4 30. Rg2 Rb8 31. g5 h5 32. Rd4 Rb6 33. Rxc4 Qxc4 34. Rc2 Rb3 35. Ra2 d4 36. Qf4 Qd3 37. Qf6+ Kg8 38. Qd8+ Kh7 39. g6+ Qxg6 0-1

[Event "SVK-ch rapid"]
[Site "Topolcany"]
[Date "2020.07.11"]
[Round "4"]
[White "Dzwierzynski, Bartosz"]
[Black "Bochnickova, Andrea"]
[Result "0-1"]
[WhiteElo "1918"]
[BlackElo "2113"]
[PlyCount "42"]
[EventDate "2020.07.11"]
[EventType "swiss (rapid)"]
[EventRounds "9"]
[EventCountry "SVK"]
[SourceTitle "CBM 197 Extra"]
[Source "ChessBase"]
[SourceDate "2020.09.30"]
[SourceVersion "1"]
[SourceVersionDate "2020.09.30"]
[SourceQuality "1"]

1. d4 Nf6 2. c4 c5 3. d5 b5 4. cxb5 a6 5. bxa6 Bxa6 6. g3 d6 7. Bg2 g6 8. Bd2 Bg7 9. Bc3 0-0 10. Nh3 Nbd7 11. Nf4 Qc7 12. h4 h5 13. Nd2 Rfb8 14. Nf3 Ng4 15. Bxg7 Kxg7 16. Ng5 Qa5+ 17. Kf1 Rxb2 18. Bf3 Nde5 19. Qc1 Qd2 20. Ne4 Qxc1+ 21. Rxc1 Nxf3 0-1

[Event "SVK-chT2A 1920"]
[Site "Slovakia"]
[Date "2020.03.08"]
[Round "11.4"]
[White "Bronis, Marian"]
[Black "Bochnickova, Andrea"]
[Result "0-1"]
[WhiteElo "2107"]
[BlackElo "2122"]
[PlyCount "70"]
[EventDate "2019.10.26"]
[EventType "team-tourn"]
[EventRounds "11"]
[EventCountry "SVK"]
[SourceTitle "CBM 195 Extra"]
[Source "ChessBase"]
[SourceDate "2020.05.31"]
[SourceVersion "1"]
[SourceVersionDate "2020.05.31"]
[SourceQuality "1"]
[WhiteTeam "Krasnany"]
[BlackTeam "Modra II"]
[WhiteTeamCountry "SVK"]
[BlackTeamCountry "SVK"]

1. d4 Nf6 2. c4 c5 3. Nf3 cxd4 4. Nxd4 Nc6 5. g3 d6 6. Nxc6 bxc6 7. Bg2 Qc7 8. 0-0 g6 9. Nc3 Bb7 10. c5 d5 11. e4 dxe4 12. Nxe4 Nxe4 13. Bxe4 Bg7 14. Bf4 e5 15. Bg5 h6 16. Bd2 0-0 17. Qa4 a5 18. Rfd1 f5 19. Bg2 Kh7 20. Bc3 Rf7 21. Rd6 e4 22. Bxg7 Rxg7 23. Rad1 Re8 24. Qd4 Ree7 25. Bf1 Qc8 26. Qd2 Ba6 27. Qxa5 Bxf1 28. Kxf1 f4 29. Kg1 e3 30. Qe1 e2 31. R1d3 Rgf7 32. Kg2 f3+ 33. Rxf3 Rxf3 34. Kxf3 Qh3 35. Qb1 Qf5+ 0-1

[Event "Skalica op"]
[Site "Skalica"]
[Date "2020.01.11"]
[Round "6"]
[White "Mudrak, Josef"]
[Black "Bochnickova, Andrea"]
[Result "1-0"]
[WhiteElo "2255"]
[BlackElo "2112"]
[PlyCount "99"]
[EventDate "2020.01.11"]
[EventType "swiss"]
[EventRounds "9"]
[EventCountry "SVK"]
[SourceTitle "CBM 194 Extra"]
[Source "ChessBase"]
[SourceDate "2020.03.31"]
[SourceVersion "1"]
[SourceVersionDate "2020.03.31"]
[SourceQuality "1"]

1. d4 Nf6 2. Nf3 c5 3. g3 g6 4. Bg2 Bg7 5. dxc5 Qa5+ 6. c3 Qxc5 7. Na3 0-0 8. Be3 Qc7 9. Nb5 Qa5 10. a4 a6 11. Na7 Nd5 12. Nxc8 Rxc8 13. Bd2 Nc6 14. 0-0 d6 15. c4 Ndb4 16. Qb3 Qc5 17. a5 d5 18. cxd5 Qxd5 19. Qxd5 Nxd5 20. Rab1 Ndb4 21. Rfd1 Rd8 22. Ne1 Rab8 23. Bf4 e5 24. Be3 Rxd1 25. Rxd1 Nxa5 26. Rd7 b5 27. Nd3 Nac6 28. Bc5 Nxd3 29. exd3 Nd4 30. Bd5 Ne6 31. Bd6 Re8 32. Ra7 e4 33. dxe4 Bxb2 34. Rxa6 Ng5 35. Ra7 Bd4 36. Rb7 Ne6 37. Rxb5 Rd8 38. Be7 Rc8 39. Rb1 Rc2 40. Rf1 Nc5 41. Kg2 Nd3 42. Kf3 Nxf2 43. e5 Nd3 44. e6 f5 45. Bd6 Kg7 46. e7 Rc8 47. Rd1 Ne5+ 48. Bxe5+ Bxe5 49. Bc6 Kf7 50. Rd8 1-0

[Event "SVK-chT 1920"]
[Site "Slovakia"]
[Date "2019.11.23"]
[Round "3.5"]
[White "Bochnickova, Andrea"]
[Black "Hrabusa, Matej"]
[Result "0-1"]
[WhiteElo "2111"]
[BlackElo "2360"]
[PlyCount "58"]
[EventDate "2019.10.19"]
[EventType "team-tourn"]
[EventRounds "11"]
[EventCountry "SVK"]
[SourceTitle "CBM 193 Extra"]
[Source "ChessBase"]
[SourceDate "2020.01.31"]
[SourceVersion "1"]
[SourceVersionDate "2020.01.31"]
[SourceQuality "1"]
[WhiteTeam "Bratislava KSN"]
[BlackTeam "Liptov Chess School"]
[WhiteTeamCountry "SVK"]
[BlackTeamCountry "SVK"]

1. e4 c5 2. Nf3 d6 3. d4 cxd4 4. Nxd4 Nf6 5. Nc3 a6 6. Bg5 Nbd7 7. Qe2 g6 8. 0-0-0 Bg7 9. f4 0-0 10. e5 dxe5 11. fxe5 Qa5 12. Nf3 Ng4 13. Rd5 b5 14. h3 Nh6 15. Qd2 Nf5 16. g4 Ng3 17. Rg1 Nxf1 18. Rxf1 Nb6 19. Rd8 Be6 20. Rxa8 Rxa8 21. a3 Nc4 22. Qf4 b4 23. Nb1 bxa3 24. bxa3 Qb5 25. Nbd2 Nxd2 26. Nxd2 Bxe5 27. Qe4 Rd8 28. Rf3 Bb2+ 29. Kd1 Qxg5 0-1

[Event "Pula op 33rd"]
[Site "Pula"]
[Date "2019.06.28"]
[Round "8"]
[White "Bochnickova, Andrea"]
[Black "Zufic, Miroslav"]
[Result "0-1"]
[WhiteElo "2122"]
[BlackElo "2380"]
[PlyCount "78"]
[EventDate "2019.06.22"]
[EventType "swiss"]
[EventRounds "9"]
[EventCountry "CRO"]
[SourceTitle "CBM 191 Extra"]
[Source "ChessBase"]
[SourceDate "2019.09.30"]
[SourceVersion "1"]
[SourceVersionDate "2019.09.30"]
[SourceQuality "1"]

1. e4 c5 2. Nf3 a6 3. c4 e6 4. Nc3 Qc7 5. d4 cxd4 6. Nxd4 b6 7. Be3 Bb7 8. f3 d6 9. Be2 Nf6 10. Rc1 Be7 11. 0-0 0-0 12. a3 Nbd7 13. b4 Rac8 14. Qd2 Qb8 15. Rfd1 Bd8 16. Nb3 Bc7 17. g3 Rfe8 18. Bf1 h6 19. Qf2 Ne5 20. Be2 Bc6 21. h3 Ned7 22. Kg2 Bb7 23. h4 d5 24. cxd5 exd5 25. Nxd5 Nxd5 26. exd5 Nf6 27. Bd4 Bxg3 28. Rxc8 Bxc8 29. Qxg3 Rxe2+ 30. Bf2 Qb7 31. d6 Qd7 32. Kf1 Rb2 33. Nd4 Qa4 34. Rc1 Bd7 35. Kg1 Qxa3 36. b5 Rxf2 37. Kxf2 Qxc1 38. bxa6 Qb2+ 39. Ne2 Bb5 0-1

[Event "SVK-chT2A 1819"]
[Site "Slovakia"]
[Date "2019.03.03"]
[Round "9.6"]
[White "Bochnickova, Andrea"]
[Black "Macka, Oto"]
[Result "0-1"]
[WhiteElo "2113"]
[BlackElo "2066"]
[PlyCount "50"]
[EventDate "2018.10.13"]
[EventType "team-tourn"]
[EventRounds "11"]
[EventCountry "SVK"]
[SourceTitle "EXT 2020"]
[Source "ChessBase"]
[SourceDate "2019.10.17"]
[SourceVersion "1"]
[SourceVersionDate "2019.10.17"]
[SourceQuality "1"]
[WhiteTeam "Modra II"]
[BlackTeam "Bratislava Doprastav"]
[WhiteTeamCountry "SVK"]
[BlackTeamCountry "SVK"]

1. e4 e6 2. d4 d5 3. exd5 exd5 4. c4 Nf6 5. Nc3 Bb4 6. Bd3 dxc4 7. Bxc4 0-0 8. Nge2 c6 9. 0-0 Nbd7 10. Bg5 Nb6 11. Bb3 Be7 12. Qd3 Nfd5 13. Bxe7 Nxe7 14. Ng3 Nbd5 15. Rfe1 Be6 16. Bc2 Ng6 17. a3 Ndf4 18. Qe3 Re8 19. f3 Nxg2 20. Kxg2 Bh3+ 21. Kxh3 Rxe3 22. Rxe3 Nf4+ 23. Kg4 Ng2 24. Nf5 Nxe3+ 25. Nxe3 Qxd4+ 0-1

[Event "SVK-chT1W 1819"]
[Site "Slovakia"]
[Date "2019.01.12"]
[Round "5.6"]
[White "Bochnickova, Andrea"]
[Black "Dujava, Daniel1111"]
[Result "1/2-1/2"]
[WhiteElo "2103"]
[BlackElo "2103"]
[PlyCount "77"]
[EventDate "2018.10.27"]
[EventType "team-tourn"]
[EventRounds "11"]
[EventCountry "SVK"]
[SourceTitle "CBM 188 Extra"]
[Source "ChessBase"]
[SourceDate "2019.02.26"]
[SourceVersion "1"]
[SourceVersionDate "2019.02.26"]
[SourceQuality "1"]
[WhiteTeam "Bratislava KSN"]
[BlackTeam "Bratislava Lokomotiva"]
[WhiteTeamCountry "SVK"]
[BlackTeamCountry "SVK"]

1. e4 c5 2. Nf3 e6 3. d4 cxd4 4. Nxd4 Nc6 5. Nc3 Qc7 6. g3 a6 7. Bg2 d6 8. 0-0 Bd7 9. Be3 Nf6 10. Nxc6 Bxc6 11. a4 Be7 12. Qe2 0-0 13. f4 h6 14. Bf3 Rab8 15. a5 Nd7 16. h4 Bf6 17. Qd2 b5 18. Rae1 b4 19. Nd1 Rb5 20. Rf2 Rfb8 21. Rh2 Nc5 22. Qg2 Qb7 23. Bc1 b3 24. g4 bxc2 25. Qxc2 Rb3 26. Nc3 Na4 27. e5 dxe5 28. fxe5 Nxc3 29. Bxc6 Qxc6 30. exf6 Qf3 31. Rf1 Qxg4+ 32. Rg2 Qd4+ 33. Rff2 Ne4 34. Rxg7+ Kf8 35. Rxf7+ Kg8 36. Rg7+ Kf8 37. Rf7+ Kg8 38. Rg7+ Kh8 39. Rh7+ 1/2-1/2

[Event "SVK-chT1W 1819"]
[Site "Slovakia"]
[Date "2018.11.24"]
[Round "3.6"]
[White "Batora, Matej"]
[Black "Bochnickova, Andrea"]
[Result "0-1"]
[WhiteElo "1981"]
[BlackElo "2103"]
[PlyCount "72"]
[EventDate "2018.10.27"]
[EventType "team-tourn"]
[EventRounds "11"]
[EventCountry "SVK"]
[SourceTitle "CBM 187 Extra"]
[Source "ChessBase"]
[SourceDate "2018.11.04"]
[SourceVersion "1"]
[SourceVersionDate "2018.11.04"]
[SourceQuality "1"]
[WhiteTeam "Nitra NSK"]
[BlackTeam "Bratislava KSN"]
[WhiteTeamCountry "SVK"]
[BlackTeamCountry "SVK"]

1. e4 c5 2. Nf3 e6 3. d4 cxd4 4. Nxd4 a6 5. Bd3 Qc7 6. 0-0 Nf6 7. Qe2 d6 8. c4 Nbd7 9. Nc3 Be7 10. f4 0-0 11. Kh1 b6 12. Bd2 Bb7 13. Rae1 g6 14. e5 Nh5 15. Be4 Bxe4 16. Qxe4 Rac8 17. b3 Rfd8 18. Qe3 dxe5 19. fxe5 Nxe5 20. Nf3 Ng4 21. Qe2 Nxh2 22. Ne4 Nxf1 23. Rxf1 f5 24. g4 fxg4 25. Nfg5 Qc6 26. Kg1 Bxg5 27. Bxg5 Rd4 28. Re1 g3 29. Qe3 e5 30. Nxg3 Nxg3 31. Qxg3 e4 32. Be3 Rd3 33. Qe5 Re8 34. Qf4 Qd6 35. Qg4 Qe6 36. Qg3 Rf8 0-1

[Event "SVK-chT1W 1819"]
[Site "Slovakia"]
[Date "2018.10.28"]
[Round "2.5"]
[White "Bochnickova, Andrea"]
[Black "Slobodnik, Michal"]
[Result "1-0"]
[WhiteElo "2103"]
[BlackElo "2048"]
[PlyCount "51"]
[EventDate "2018.10.27"]
[EventType "team-tourn"]
[EventRounds "11"]
[EventCountry "SVK"]
[SourceTitle "CBM 187 Extra"]
[Source "ChessBase"]
[SourceDate "2018.11.04"]
[SourceVersion "1"]
[SourceVersionDate "2018.11.04"]
[SourceQuality "1"]
[WhiteTeam "Bratislava KSN"]
[BlackTeam "Trnava Sered"]
[WhiteTeamCountry "SVK"]
[BlackTeamCountry "SVK"]

1. e4 Nf6 2. e5 Nd5 3. d4 d6 4. exd6 cxd6 5. c4 Nf6 6. Nc3 g6 7. Be3 Bg7 8. h3 0-0 9. Bd3 Re8 10. Nge2 Nc6 11. 0-0 e5 12. Rc1 Ng4 13. hxg4 exd4 14. Nxd4 Nxd4 15. Bxg6 Nf3+ 16. Qxf3 hxg6 17. g5 Bf5 18. b3 Qa5 19. Nd5 Be4 20. Nf6+ Bxf6 21. Qxf6 Qf5 22. Bd4 Qxf6 23. Bxf6 d5 24. c5 Bf5 25. Rfd1 Be6 26. Rd4 1-0

[Event "SVK-chT1W 1819"]
[Site "Slovakia"]
[Date "2018.10.27"]
[Round "1.5"]
[White "Bombek, Peter"]
[Black "Bochnickova, Andrea"]
[Result "1/2-1/2"]
[WhiteElo "2217"]
[BlackElo "2103"]
[PlyCount "131"]
[EventDate "2018.10.27"]
[EventType "team-tourn"]
[EventRounds "11"]
[EventCountry "SVK"]
[SourceTitle "CBM 187 Extra"]
[Source "ChessBase"]
[SourceDate "2018.11.04"]
[SourceVersion "1"]
[SourceVersionDate "2018.11.04"]
[SourceQuality "1"]
[WhiteTeam "Dubnica nad Vahom II"]
[BlackTeam "Bratislava KSN"]
[WhiteTeamCountry "SVK"]
[BlackTeamCountry "SVK"]

1. d4 Nf6 2. Nf3 c5 3. e3 e6 4. Bd3 d5 5. c3 Be7 6. Nbd2 0-0 7. 0-0 b6 8. e4 dxe4 9. Nxe4 Nbd7 10. Bg5 Bb7 11. Bxf6 Nxf6 12. Qc2 Nd5 13. dxc5 Nf4 14. Bb5 Qd5 15. c6 Bxc6 16. Bxc6 Qxc6 17. Rfd1 Rfd8 18. g3 Ng6 19. Qe2 Rac8 20. Rd4 e5 21. Rdd1 f5 22. Rxd8+ Rxd8 23. Ned2 Bf6 24. Nb3 Qd5 25. Nfd2 a5 26. Nc4 a4 27. Ne3 Qe4 28. Nd2 Qd3 29. Qxd3 Rxd3 30. Ndc4 b5 31. Na3 Rd2 32. Rb1 f4 33. Nf1 Rd5 34. b3 Be7 35. c4 bxc4 36. Nxc4 Rb5 37. Nfd2 axb3 38. Rxb3 Rxb3 39. axb3 Kf7 40. Kg2 fxg3 41. hxg3 Ke6 42. Kf3 Kd5 43. Kg4 Nf8 44. Ne3+ Ke6 45. Nf3 h6 46. Nh4 g6 47. Nc4 Bc5 48. Kf3 g5 49. Ng2 h5 50. Ne1 Kd5 51. Ne3+ Kd4 52. Ke2 e4 53. N1c2+ Kc3 54. b4 Bxe3 55. Nxe3 Kxb4 56. Nd5+ Kc4 57. Nf6 h4 58. Nxe4 hxg3 59. fxg3 Ne6 60. Kf3 Kd4 61. Nf2 Ke5 62. Kg4 Kf6 63. Nh3 Kg6 64. Nf4+ gxf4 65. gxf4 Nxf4 66. Kxf4 1/2-1/2

[Event "SVK-chT2A 1819"]
[Site "Slovakia"]
[Date "2018.10.14"]
[Round "2.6"]
[White "Curidlo, Jan1111"]
[Black "Bochnickova, Andrea"]
[Result "0-1"]
[WhiteElo "1819"]
[BlackElo "2124"]
[PlyCount "78"]
[EventDate "2018.10.13"]
[EventType "team-tourn"]
[EventRounds "11"]
[EventCountry "SVK"]
[SourceTitle "CBM 189 Extra"]
[Source "ChessBase"]
[SourceDate "2019.06.03"]
[SourceVersion "1"]
[SourceVersionDate "2019.06.03"]
[SourceQuality "1"]
[WhiteTeam "Piestany Kupele"]
[BlackTeam "Modra II"]
[WhiteTeamCountry "SVK"]
[BlackTeamCountry "SVK"]

1. e4 e5 2. Nf3 Nf6 3. Nxe5 d6 4. Nf3 Nxe4 5. d4 d5 6. Be3 Be7 7. h3 0-0 8. Bd3 Nc6 9. a3 Bf5 10. 0-0 Bg6 11. Re1 Bf6 12. Nbd2 Re8 13. Be2 a6 14. Nf1 Qd7 15. Rc1 b5 16. c3 Na5 17. b4 Nc4 18. Bxc4 bxc4 19. N3h2 a5 20. f3 Nd6 21. Ng4 Bh4 22. g3 Be7 23. Kg2 f6 24. Qd2 axb4 25. axb4 Ra3 26. Bf2 Rea8 27. Qe3 Kf7 28. Qf4 Bf5 29. Qe3 h5 30. Ngh2 Bxh3+ 31. Kg1 Bf5 32. Nd2 Bd3 33. g4 hxg4 34. fxg4 Nb5 35. Qf4 Bd6 36. Qf3 c6 37. Qh3 Nxc3 38. Qh5+ Bg6 39. Qh3 Ne2+ 0-1

[Event "Tatry op"]
[Site "Tatranske Zruby"]
[Date "2018.10.01"]
[Round "2"]
[White "Bochnickova, Andrea"]
[Black "Mrvova, Alena"]
[Result "1-0"]
[WhiteElo "2081"]
[BlackElo "2200"]
[PlyCount "121"]
[EventDate "2018.09.30"]
[EventType "swiss"]
[EventRounds "9"]
[EventCountry "SVK"]
[SourceTitle "CBM 186 Extra"]
[Source "ChessBase"]
[SourceDate "2018.08.24"]
[SourceVersion "1"]
[SourceVersionDate "2018.08.24"]
[SourceQuality "1"]

1. e4 c5 2. Nf3 a6 3. c4 g6 4. d4 Bg7 5. Nc3 cxd4 6. Nxd4 Nc6 7. Be3 d6 8. Be2 Nf6 9. f3 h5 10. Qd2 Ne5 11. 0-0 0-0 12. Rfc1 e6 13. Kh1 Bd7 14. Rc2 Rc8 15. b3 Bc6 16. Rd1 Nh7 17. Nxc6 Rxc6 18. c5 Qb8 19. f4 dxc5 20. fxe5 Bxe5 21. g3 Rd6 22. Qe1 Bd4 23. Bf4 e5 24. Bh6 Rfd8 25. Nd5 R8d7 26. Be3 b5 27. Bxd4 cxd4 28. Rdc1 Kg7 29. Rc8 Qb7 30. R1c7 Rxc7 31. Rxc7 Qb8 32. Qc1 Nf6 33. Nxf6 Rxf6 34. Kg2 Qb6 35. Bd3 Qe6 36. Qg5 Qd6 37. Rc2 Re6 38. Qd2 Re7 39. b4 Qe6 40. Rc5 h4 41. Be2 Rd7 42. g4 Qe7 43. Bd1 Rd6 44. Bb3 Rf6 45. h3 Rf4 46. Qe2 Qg5 47. Rd5 Rf6 48. Qe1 Qf4 49. Bd1 Rc6 50. Qf2 Qc1 51. Qf1 Qd2+ 52. Qe2 Qf4 53. Qf3 Qg5 54. Rc5 Rf6 55. Qd3 Rf4 56. Rc6 Qe7 57. a3 Qb7 58. Qc2 d3 59. Qc5 Rxe4 60. Bf3 Re1 61. Rxg6+ 1-0

[Event "SVK-ch op"]
[Site "Banska Stiavnica"]
[Date "2015.07.11"]
[Round "8"]
[White "Baleja, Marian"]
[Black "Bochnickova, Andrea"]
[Result "1-0"]
[WhiteElo "1978"]
[BlackElo "2166"]
[PlyCount "61"]
[EventDate "2015.07.04"]
[EventType "swiss"]
[EventRounds "9"]
[EventCountry "SVK"]
[SourceTitle "CBM 167 Extra"]
[Source "ChessBase"]
[SourceDate "2015.09.14"]
[SourceVersion "1"]
[SourceVersionDate "2015.09.14"]
[SourceQuality "1"]

1. e4 c5 2. d4 cxd4 3. c3 d3 4. Bxd3 e6 5. Nf3 d6 6. 0-0 Nf6 7. Nd4 Be7 8. f4 Nbd7 9. Qe2 Qc7 10. Kh1 a6 11. c4 0-0 12. Nc3 b6 13. Bd2 g6 14. Rae1 Bb7 15. f5 gxf5 16. exf5 e5 17. Nf3 Nc5 18. Bc2 Rfe8 19. b4 Ncd7 20. Ng5 d5 21. cxd5 Bxb4 22. Rf3 Bf8 23. Bb3 Bd6 24. Rg3 Kf8 25. Nge4 Ng8 26. Qg4 Ke7 27. Qh4+ Ndf6 28. Rxg8 Rxg8 29. Qxf6+ Kd7 30. Qxf7+ Be7 31. d6 1-0

[Event "SVK-ch op"]
[Site "Banska Stiavnica"]
[Date "2015.07.09"]
[Round "6"]
[White "Bakalar, Jan"]
[Black "Bochnickova, Andrea"]
[Result "0-1"]
[WhiteElo "2030"]
[BlackElo "2166"]
[PlyCount "88"]
[EventDate "2015.07.04"]
[EventType "swiss"]
[EventRounds "9"]
[EventCountry "SVK"]
[SourceTitle "CBM 167 Extra"]
[Source "ChessBase"]
[SourceDate "2015.09.14"]
[SourceVersion "1"]
[SourceVersionDate "2015.09.14"]
[SourceQuality "1"]

1. d4 Nf6 2. Nf3 c5 3. e3 d5 4. g3 Nc6 5. Bg2 e6 6. 0-0 Be7 7. b3 0-0 8. Bb2 cxd4 9. exd4 Qc7 10. Ne5 b6 11. Nxc6 Qxc6 12. c4 Qd7 13. Nd2 Bb7 14. Nf3 Rac8 15. Ne5 Qc7 16. Rc1 Qb8 17. g4 Rfd8 18. g5 Nd7 19. Nxd7 Rxd7 20. Qg4 dxc4 21. bxc4 Bxg2 22. Kxg2 Qd6 23. d5 exd5 24. Rfd1 Qe6 25. Qd4 Qg6 26. h4 Bc5 27. Qe5 Re7 28. Qxd5 Qe4+ 29. Qxe4 Rxe4 30. Kf3 Rxh4 31. Rd7 Bf8 32. Rxa7 Rhxc4 33. Rxc4 Rxc4 34. Ra8 b5 35. Be5 Rc6 36. Ke4 f6 37. gxf6 gxf6 38. Bf4 Kf7 39. Ra7+ Kg6 40. Be3 h5 41. Rb7 b4 42. Kd5 Ra6 43. Bd2 Rxa2 44. Bxb4 Rb2 0-1